El Personal interino de las administraciones pb︢licas

Bibliographic Details
Main Author: Lp̤ez Ganda̕, Juan
Other Authors: Toscani Gimňez, Daniel
Format: Book
Language:Spanish
Published: Albacete: Bomarzo, 2010
Subjects:
Online Access:Acceso restringido

MARC

LEADER 00000nam a2200000 a 4500
005 20120207142946.0
007 cr|||| ||||
008 101019s2010 sp |||| |||||0|| 0 spa|c
020 |a 9788415000082 
035 |a 5796 
040 |d vLex 
080 |a 35 
090 |c 2979  |d 2979 
100 1 |a Lp̤ez Ganda̕, Juan 
245 1 3 |a El Personal interino de las administraciones pb︢licas  |h [Recurso electrn̤ico] /  |c Juan Lp̤ez Ganda̕, Daniel Toscani Gimňez 
256 |a Servicio en ln̕ea 
260 |a Albacete:  |b Bomarzo,  |c 2010 
300 |a 1 recurso electrn̤ico 
506 1 |a Contenido solo disponible en los productos indicados  |d vLex Global   |d vLex Global (Academic Edition, excluding Law Schools)   |d vLex Global (U.S. Academic Edition, Law Schools)   |d vLex Global (U.S. Academic Edition, excluding Law Schools)   |d vLex Global (Academic Edition, Law Schools)  
650 0 4 |a Funcin̤ pb︢lica  |x Personal  |x Direccin̤ y administracin̤  |z Espaą 
650 0 4 |a Funcionarios y empleados locales   |z Espaą 
651 4 |a Espaą  |x Funcionarios y empleados 
700 1 |a Toscani Gimňez, Daniel 
740 0 |a vLex Libros (Servicio en ln̕ea) 
856 4 0 |u http://vlex.com/source/personal-interino-administraciones-publicas-5796  |z Acceso restringido 
942 |c BOOK 
999 0 |a Civil service 
999 0 |a Public officers 
999 0 |a  Administrative law